| 000 | 00904pam a2200289 a 4500 | ||
|---|---|---|---|
| 001 | 549170 | ||
| 003 | ARRUPE | ||
| 005 | 20150915115101.0 | ||
| 008 | 880913s1989 ilu b 001 0 eng | ||
| 010 | _a 88027878 | ||
| 020 | _a025201605X (alk. paper) | ||
| 040 |
_aDLC _cDLC _dDLC |
||
| 050 | 0 | 0 |
_aQ175 _b.S9393 1989 |
| 082 | 0 | 0 |
_a501 _219 |
| 100 | 1 |
_aSuppe, Frederick. _919920 |
|
| 245 | 1 | 4 |
_aThe semantic conception of theories and scientific realism / _cFrederick Suppe. |
| 260 |
_aChicago : _bUniversity of Illinois Press, _cc1989. |
||
| 300 |
_axvi, 475 p. ; _c24 cm. |
||
| 500 | _aIncludes index. | ||
| 504 | _aBibliography: p. [433]-455. | ||
| 650 | 0 |
_aScience _xPhilosophy. _919921 |
|
| 650 | 0 |
_aScience _xMethodology. _919922 |
|
| 650 | 0 |
_aSemantics (Philosophy) _919923 |
|
| 650 | 0 |
_aRealism. _911315 |
|
| 906 |
_a7 _bcbc _corignew _d1 _eocip _f19 _gy-gencatlg |
||
| 942 |
_2lcc _cMONOGRAPH |
||
| 999 |
_c123419 _d123419 |
||